Circular para los socios : núm. ... / Asociación de Maestros Industriales núm. ... / Asociación de Maestros Industriales
Descripción Física:
[16] p. ; 22 cm
Materias:
Enginyeria industrial
MARC
| LEADER | 00000nam a2200000Ia 4500 | ||
|---|---|---|---|
| 001 | 19588 | ||
| 003 | BGR | ||
| 005 | 20260410113653.0 | ||
| 008 | 160829s1962 xx 000 0 cat d | ||
| 080 | |a FU-9-14 | ||
| 110 | 2 | |a Asociación de Maestros Industriales |9 70545 | |
| 245 | |a Circular para los socios : |b núm. ... / Asociación de Maestros Industriales | ||
| 260 | |a Barcelona : |b I. G. Andorré, |c 1962 | ||
| 300 | |a [16] p. ; |c 22 cm | ||
| 590 | |a Prové de R-708, exp. 15 | ||
| 650 | |a Enginyeria industrial |9 47253 | ||
| 856 | 4 | |u https://media.diba.cat/diba/fitxers/arxiu/fulletons/bib_19588_1962_baixa.pdf |y Accés lliure | |
| 856 | 4 | |u https://media.diba.cat/diba/fitxers/arxiu/fulletons/bib_19588_1962_baixa.pdf |y Accés lliure | |
| 866 | |a 14 | ||
| 900 | |a bib_19588_1962_baixa.pdf | ||
| 901 | |a Arxiu | ||
| 942 | |n 1 |2 udc |c MON | ||
| 952 | |0 0 |1 0 |4 0 |6 FU914 |7 1 |9 53780 |a Arxiu |b Arxiu |d 2016-12-01 |l 0 |o FU-9-14 |p 19588 |r 2016-12-01 00:00:00 |w 2016-12-01 |y ARXIU | ||
| 999 | |c 57646 |d 57646 | ||